000 00185 a2200097 4500
020 _a9789580412878
041 _aspa
100 _aa. amoros
245 _ael baul misterioso
942 _cBK
999 _c10883
_d10883